Účastník konania a zúčastnená osoba v správnom konaní pred obcou

V správnom konaní má obec právne postavenie správneho orgánu. Článok sa venuje právnemu postaveniu účastníka správneho konania a zúčastnenej osoby v správnom konaní pred obcou.

Enregistré dans:
Détails bibliographiques
Auteur principal: Hrtánek, Ladislav
Format: Chapitre de livre
Langue:slovaque
Sujets:
Tags: Ajouter un tag
Pas de tags, Soyez le premier à ajouter un tag!

MARC

LEADER 00000naa a2200000 4500
001 0303131
005 20240722083335.8
041 0 |a slo 
044 |a SK 
245 1 0 |a Účastník konania a zúčastnená osoba v správnom konaní pred obcou  |c Ladislav Hrtánek 
520 |a V správnom konaní má obec právne postavenie správneho orgánu. Článok sa venuje právnemu postaveniu účastníka správneho konania a zúčastnenej osoby v správnom konaní pred obcou. 
610 2 0 |a konanie správne 
610 2 0 |a právo správne 
610 2 0 |a poriadok správny 
610 2 0 |a obce 
100 1 |a Hrtánek, Ladislav